Pneuma.

محفوظ في:

التنسيق: دورية

اللغة: Undetermined

الموضوعات:

الوصول للمادة أونلاين: Login to view Source

الوسوم: إضافة وسم

لا توجد وسوم, كن أول من يضع وسما على هذه التسجيلة!

رقم الطلب:

LEADER 00497nms a2200181Ia 4500
005 20240402060034.0
008 240131s9999||||xx |||||||||||||||||und||
999 |c 56526  |d 56526 
022 |a 0272-0965 
022 |a 1570-0747 
245 0 0 |a Pneuma. 
336 |2 rdacontent  |a text  |b txt 
337 |2 rdamedia  |a unmediated  |b n 
338 |2 rdacarrier  |a volume  |b n 
500 |a BRILLBRILLJ 
650 4 |a Pentecostal Churches. 
856 |z PNEU  |u https://brill.com/view/journals/pneu/pneu-overview.xml 
942 |2 lcc  |c EJL